000 00262nam a2200109Ia 4500
008 240625s9999 xx 000 0 und d
041 _aeng
082 _a005.57658 CHA
100 _aCHATFIELD CARL
245 _aSTEP BY STEP MICROSOFT PROJECT 2003
260 _c2006
999 _c33861
_d33861